000 00280nam a22001217a 4500
020 _a0-307-11841-X
082 _a823
_bKEN/T
100 _aKENT, JACK
245 _aTHERE'S NO SUCH THING AS A DRAGON
260 _aNEW YORK
_bGOLDEN BOOK
650 _aENGLISH SHORT STORY
942 _cBK
999 _c3273
_d3273